00610nam a2200181Ia 4500001001000000003000500010008004100015010001100056040000900067082001900076100002100095245006300116300000900179440001700188500011700205650005900322710004700381Para_7903CHAP220125s9999 xx 000 0 und d a206852 cCHAP aPA-C 595.75 H4 aHungerford, H.B. aThree new velia from south America /c by H.B. Hungerford a5 p. aHemiptera; 8 aSobretiro de: Journal Kansas Entomological Society 3 (1): 23-27, 1930. Encuadernado con otros impresos similares ax Hemípteros x colecciones de escritos x Veliidae aJournal Kansas Entomological Society 3 (1)